Struktura Organizative e Ndermarrjes dhe Roli i saj ne Performancen e Pergjithshme (Record no. 45368)
[ view plain ]
| 000 -LEADER | |
|---|---|
| fixed length control field | 00326nam a22001217a 4500 |
| 008 - FIXED-LENGTH DATA ELEMENTS--GENERAL INFORMATION | |
| fixed length control field | 180421b xxu||||| |||| 00| 0 eng d |
| 041 ## - LANGUAGE CODE | |
| Language code of text/sound track or separate title | eng |
| 080 ## - UNIVERSAL DECIMAL CLASSIFICATION NUMBER | |
| Universal Decimal Classification number | 043.3 |
| 100 ## - Rafti | |
| Rafti | 0 |
| 101 ## - Shkurtesa | |
| Shkurtesa | MBE-BA |
| 245 ## - TITLE STATEMENT | |
| Title | Struktura Organizative e Ndermarrjes dhe Roli i saj ne Performancen e Pergjithshme |
| Statement of responsibility, etc | Batusha, V |
| 942 ## - ADDED ENTRY ELEMENTS (KOHA) | |
| Source of classification or shelving scheme | |
| Item type | Books |
| Withdrawn status | Lost status | Source of classification or shelving scheme | Damaged status | Not for loan | Collection code | Permanent location | Current location | Shelving location | Date acquired | Total Checkouts | Full call number | Barcode | Date last seen | Price effective from | Koha item type |
|---|---|---|---|---|---|---|---|---|---|---|---|---|---|---|---|
| Koleksioni i përgjithshem | UBT - Lipjan | UBT - Lipjan | Disertacionet | 04/21/2018 | 043.3 Batusha, V 2015 | 002-3002831 | 04/21/2018 | 04/21/2018 | Books | ||||||
| Koleksioni i përgjithshem | UBT - Lipjan | UBT - Lipjan | Disertacionet | 04/21/2018 | 043.3 Batusha, V 2015 | 002-3002826 | 04/21/2018 | 04/21/2018 | Books | ||||||
| Koleksioni i përgjithshem | UBT - Lipjan | UBT - Lipjan | Disertacionet | 04/21/2018 | 043.3 Batusha, V 2015 | 002-3002821 | 04/21/2018 | 04/21/2018 | Books | ||||||
| Koleksioni i përgjithshem | UBT - Lipjan | UBT - Lipjan | Disertacionet | 04/21/2018 | 043.3 Batusha, V 2015 | 002-3002820 | 04/21/2018 | 04/21/2018 | Books |